World Cities - Which is closer? - Statistics

General Stats
  • This quiz has been taken 36 times
  • The average score is 10 of 15
Answer Stats
Question Answer % Correct
Madrid Barcelona
100%
Rome Naples
100%
Los Angeles Tijuana
100%
Santiago Buenos Aires
80%
Paris London
80%
Havana Miami
80%
Winnipeg Minneapolis
80%
Ho Chi Minh City Bangkok
60%
Copenhagen Berlin
60%
New Delhi Islamabad
60%
Baghdad Tehran
60%
Istanbul Ankara
40%
Memphis Nashville
40%
Hiroshima Seoul
40%
Lagos Cairo
20%
No matching quizzes found
Score Distribution
Percent of People with Each Score
Percentile by Number Answered
Your Score History
You have not taken this quiz